Matematika pro gymnázia : Funkce /

Saved in:
Bibliographic Details
Main Author: Odvárko, Oldřich (Author)
Format: Book
Language:Czech
Published: Praha : Prometheus, spol. s r.o., 1994
Edition:2.vyd.
Tags: Add Tag
No Tags, Be the first to tag this record!

MARC

LEADER 00000nam a22000003a 4500
001 stu24059
005 20150617225743.0
008 960906s1994----xr------------------cze-d
020 |a 80-85849-09-7 
040 |a STU  |b slo 
041 0 |a cze 
044 |a xr 
080 |a 51  |7 stu_us_auth*stu8333 
100 1 |a Odvárko, Oldřich  |4 aut 
245 1 |a Matematika pro gymnázia :  |b Funkce /  |c [aut.]Odvárko,Oldřich 
250 |a 2.vyd. 
260 |a Praha :  |b Prometheus, spol. s r.o.,  |c 1994 
300 |a 160 s :  |b Grafy,register 
996 |b C94414  |c C*94414  |l CCXX  |s P  |a 0  |w stu24059_0001